Normal view
MARC view
- Qadeer Rahma
Entry Personal Name
001 - CONTROL NUMBER
- control field: 27677
003 - CONTROL NUMBER IDENTIFIER
- control field: NUST
005 - DATE AND TIME OF LATEST TRANSACTION
- control field: 20200116152751.0
008 - FIXED-LENGTH DATA ELEMENTS
- fixed length control field: 200116|| aca||aabn | a|a d
040 ## - CATALOGING SOURCE
- Original cataloging agency: NUST
- Transcribing agency: NUST
100 ## - HEADING--PERSONAL NAME
- Personal name: Qadeer Rahma
670 ## - SOURCE DATA FOUND
- Source citation: Work cat.: (NUST): Qadeer Rahma, MS Thesis:Integrated Structure- and Ligand-Based Pharmacoinformatics Protocol for the Modulation of Monoamine Oxidase B (MAO-B) in Parkinson’s disease, 2019
